Documento firmado por Don José María Morelos y Pavón. (Record no. 4608)
[ view plain ]
| 000 -CABECERA | |
|---|---|
| campo de control de longitud fija | 01343nam a2200289 a 4500 |
| 001 - NÚMERO DE CONTROL | |
| campo de control | BRCA_4914 |
| 005 - FECHA Y HORA DE LA ÚLTIMA TRANSACCIÓN | |
| campo de control | 20190320204845.0 |
| 008 - DATOS DE LONGITUD FIJA--INFORMACIÓN GENERAL | |
| campo de control de longitud fija | 201010s1814----mx-#######---#000-0#spa-# |
| 041 ## - CÓDIGO DE LENGUA | |
| Código de lengua del texto/banda sonora o título independiente | spa |
| 044 ## - CÓDIGO DEL PAÍS DE LA ENTIDAD EDITORA/PRODUCTORA | |
| Código MARC del país | mx |
| 084 ## - OTRO NÚMERO DE CLASIFICACIÓN | |
| Número de clasificación | DOC8 |
| Número de documento/Ítem | .M67 |
| -- | 1814 |
| 100 1# - ENTRADA PRINCIPAL--NOMBRE DE PERSONA | |
| Nombre de persona | Morelos y Pavón, José María |
| Fechas asociadas al nombre | 1765-1815 |
| 9 (RLIN) | 7961 |
| 245 10 - MENCIÓN DE TÍTULO | |
| Título | Documento firmado por Don José María Morelos y Pavón. |
| Mención de responsabilidad, etc. | José María Morelos y Pavón ; Mariano Villegas. |
| 260 ## - PUBLICACIÓN, DISTRIBUCIÓN, ETC. | |
| Lugar de publicación, distribución, etc. | Petatlán, Gro., México |
| Fecha de publicación, distribución, etc. | 1814 |
| 300 ## - DESCRIPCIÓN FÍSICA | |
| Extensión | [2] fojas |
| Dimensiones | 21 x 15 cm. |
| 500 ## - NOTA GENERAL | |
| Nota general | Documento firmado el 18 de abril de 1814 |
| 500 ## - NOTA GENERAL | |
| Nota general | Documento que contiene una orden de Don José María Morelos y Pavón, fechada en Patatlán (Guerrero) y dirigida a Don Mariano Villegas, para que este la remita a Zacatula. |
| 500 ## - NOTA GENERAL | |
| Nota general | El documento contiene la leyenda DOC. #17 |
| 500 ## - NOTA GENERAL | |
| Nota general | Estado de conservación: contiene laguna en el margen izquierdo y anotación con tinta roja en la parte superior. |
| 506 0# - NOTA DE RESTRICCIONES AL ACCESO | |
| Limitaciones de acceso | Fondo Reservado. Para su consulta es necesario credencial de usuario y carta de motivos. |
| 546 ## - NOTA DE LENGUA/LENGUAJE | |
| Nota de lengua/lenguaje | Texto en: español de principios del siglo XIX. |
| 600 14 - PUNTO DE ACCESO ADICIONAL DE MATERIA--NOMBRE DE PERSONA | |
| Nombre de persona | Morelos y Pavón, José María |
| Fechas asociadas al nombre | 1765-1815 |
| Subdivisión general | Historia |
| 9 (RLIN) | 12444 |
| 651 #4 - PUNTO DE ACCESO ADICIONAL DE MATERIA--NOMBRE GEOGRÁFICO | |
| Nombre geográfico | México |
| Subdivisión general | Historia |
| Subdivisión cronológica | Guerra de Independencia, 1810-1821 |
| 9 (RLIN) | 12445 |
| 700 1# - PUNTO DE ACCESO ADICIONAL--NOMBRE DE PERSONA | |
| Nombre de persona | Villegas, Mariano |
| 9 (RLIN) | 12446 |
| 902 ## - CATALOGADOR | |
| Iniciales | FDH |
| 942 ## - ELEMENTOS DE PUNTO DE ACCESO ADICIONAL (KOHA) | |
| Fuente del sistema de clasificación o colocación | Library of Congress Classification |
| Tipo de ítem Koha | Documentos |
| Estado de retiro | Estado de pérdida | Estado dañado | No para préstamo | Localización permanente | Ubicación/localización actual | Fecha de adquisición | Total de préstamos | Signatura topográfica completa | Código de barras | Fecha visto por última vez | Precio válido a partir de | Tipo de ítem Koha |
|---|---|---|---|---|---|---|---|---|---|---|---|---|
| El ejemplar forma parte de la colección y puede ser consultado según las políticas vigentes. | Biblioteca del Museo Franz Mayer (Rogerio Casas-Alatriste) | Biblioteca del Museo Franz Mayer (Rogerio Casas-Alatriste) | 20/10/2010 | DOC8 .M67 1814 | 4975 | 22/03/2019 | 22/03/2019 | Documentos |